000 00660nam a2200205 4500
003 OSt
005 20240606061935.0
006 a
008 240606b |||||||| |||| 00| 0 eng d
020 _a9716857252
040 _aDWCL-Main lib.
_cOC
082 _aFil. 370 C737 2011
110 _aLorimar Publishing Inc.
245 _aComprehensive LET reviewer based n NCBTS and Table of Specifications (TOS) : general education BEEd & BSEd /
260 _a Quezon City :
_bLorimar Pub. , Inc. ,
_cc2011.
300 _b180 p. ;
_c25 cm.
650 _a1. Education-Examinations,questions,etc.
710 _aLorimar Publishing Inc.
942 _2ddc
_n0
_cBK - FIL
_kFil.
999 _c286
_d286